| 000 | 02060cam a2200565 i 4500 | ||
|---|---|---|---|
| 001 | 35865 | ||
| 003 | KOSZ 005 | ||
| 005 | 20240824062849.0 | ||
| 008 | 240822s1979 pl a f f 001 0 pol | ||
| 015 | _aUWD 1979/5495 | ||
| 020 | _a8321601774 | ||
| 035 | _a991014496829705066 | ||
| 035 | _a(PL-WaBN)b13898322-48omnis_nlop | ||
| 035 | _ab13898322 | ||
| 035 | _a(OCoLC)749214358 | ||
| 035 | _azz2003872836 | ||
| 035 | _a(PL)b0000001389832 | ||
| 035 | _a(EXLNZ-48OMNIS_NETWORK)9910139921405606 | ||
| 040 |
_aWA N _cWA N _dKOSZ 005/RW |
||
| 046 | _k1973 | ||
| 080 | _a669.017 | ||
| 080 | _a(075.8) | ||
| 245 | 0 | 0 |
_aMetaloznawstwo / _cFryderyk Staub [et al.]. |
| 250 | _aWydanie 2. | ||
| 260 |
_aKatowice : _b"Śląsk", _c1979. |
||
| 300 |
_a585, [2] stron, [26] kart tablic : _bilustracje, tabele, wykresy ; _c22 cm. |
||
| 336 |
_aTekst _btxt _2rdacontent |
||
| 337 |
_aBez urządzenia pośredniczącego _bn _2rdamedia |
||
| 338 |
_aWolumin _bnc _2rdacarrier |
||
| 380 | _aKsiążki | ||
| 380 | _aPublikacje dydaktyczne | ||
| 380 | _aPublikacje naukowe | ||
| 385 |
_mPoziom nauczania _aSzkoły wyższe |
||
| 388 | 1 | _a1901-2000 | |
| 388 | 1 | _a1945-1989 | |
| 504 | _aBibliografia na stronach 575-[580]. Indeks. | ||
| 521 | 8 | _aKsiążka przeznaczona jest dla studentów kierunku metaloznawczego oraz inżynierii materiałowej. Może stanowić również dużą pomoc dla inżynierów metaloznawców i pokrewnych specjalności. | |
| 650 | 7 |
_aMetaloznawstwo _2DBN |
|
| 655 | 7 |
_aPodręczniki akademickie _2DBN |
|
| 658 | _aInżynieria i technika | ||
| 700 | 1 |
_aAdamczyk, Jan _d(1935- ) _eAutor |
|
| 700 | 1 |
_aCieślak, Łucja _eAutor |
|
| 700 | 1 |
_aGubała, Jerzy _eAutor |
|
| 700 | 1 |
_aMaciejny, Adolf _d(1932-2011) _eAutor |
|
| 700 | 1 |
_aStaub, Fryderyk _d(1899-1982) _eAutor |
|
| 710 | 2 |
_aWydawnictwo "Śląsk" _4pbl |
|
| 856 |
_uhttps://koha.tu.koszalin.pl/cgi-bin/koha/opac-detail.pl?biblionumber=35865 _yKatalog online BPK |
||
| 942 |
_2UKD _cKS |
||
| 999 |
_c35865 _d35865 |
||